000 00886nam a2200265Ia 4500
003 OSt
005 20221005103654.0
006 a|||||r|||| 00| 0
007 ta
008 221004b |||||||| |||| 00| 0 hin d
020 _c300
024 _a21756
037 _b87, 09/02/2015, Mallika Books
_cTextual
040 _aCRL
_cCRL
_bhin
041 _2hin
_ahin
082 _aP152:3, Q3
100 _aशर्मा, जयभगवान
245 0 _aहारित हिन्दी - व्याकरण
246 _aHārit hindī - vyākaraṇa
260 _aदिल्ली
_bअनिल प्रकाशन भारत
_c2013
300 _a223पृ0
_ccm.
650 _aहिन्दी भाषा
942 _hP152:3, Q3
_cTEXL
_2cc
999 _c1010579
_d1010579